| 000 | 00631nam a2200241 a 4500 | ||
|---|---|---|---|
| 001 | nice12345678 | ||
| 003 | IN_TiNIC | ||
| 005 | 20260116012203.0 | ||
| 008 | 050524s1961 lona grp 000 0 eng | ||
| 020 |
_a _c37.5 |
||
| 082 | 0 | 0 |
_a297.55 _bAHM |
| 100 | _aAhmed, Kamal | ||
| 245 | _aSacred Journey-Being Pilgrimage to Makkah | ||
| 260 |
_aLondon _bGeorge Allen and Unwin Ltd _c1961 |
||
| 300 | _a108p | ||
| 500 | _aincludes index and biblioraphy | ||
| 505 | 2 | _aIndex, Glossary, Biblio., | |
| 650 | _aMuslim Pilgrims and Pilgrimages-Sau | ||
| 700 | 1 | _aAhmed, Kamal | |
| 902 | _bSRS | ||
| 942 | _cBK | ||
| 999 |
_c5995 _d5995 |
||